Run! (Record no. 80497)

MARC details
000 -LEADER
fixed length control field 00879cab a22002175a 4500
001 - CONTROL NUMBER
control field L144500
008 - FIXED-LENGTH DATA ELEMENTS--GENERAL INFORMATION
fixed length control field 070926e20080718xxkd f s 000 0 eng d
035 ## - SYSTEM CONTROL NUMBER
System control number (Sirsi) u144500
041 0# - LANGUAGE CODE
Language code of text/sound track or separate title eng
100 1# - MAIN ENTRY--PERSONAL NAME
Personal name Gibbs, Thom
245 00 - TITLE STATEMENT
Title Run!
260 ## - PUBLICATION, DISTRIBUTION, ETC.
Date of publication, distribution, etc. 2008
490 #0 - SERIES STATEMENT
Series statement Building
Volume/sequential designation 273(8538) 18 July 2008, 58-60(3)
520 ## - SUMMARY, ETC.
Summary, etc. Discusses results from the 2008 "Hays Construction and Property international salary guide 2008", which reveals that salaries could be higher overseas. Salary tables show average pay for project managers, quantity surveyors, architects, civil and structural engineers. Salaries are presented country by country.
590 ## - LOCAL NOTE (RLIN)
Local note KA
650 24 - SUBJECT ADDED ENTRY--TOPICAL TERM
Topical term or geographic name entry element HAYS CONSTRUCTION/BUILDING CONTRACTORS' SALARIES GUIDE
651 #4 - SUBJECT ADDED ENTRY--GEOGRAPHIC NAME
Geographic name United Kingdom
Chronological subdivision
651 #4 - SUBJECT ADDED ENTRY--GEOGRAPHIC NAME
Geographic name International
690 ## - LOCAL SUBJECT ADDED ENTRY--TOPICAL TERM (OCLC, RLIN)
Topical term or geographic name as entry element CAREERS, EDUCATION AND TRAINING-SURVEYING APPOINTMENTS
942 ## - ADDED ENTRY ELEMENTS (KOHA)
Suppress in OPAC 0
Holdings
Withdrawn status Lost status Source of classification or shelving scheme Damaged status Not for loan Home library Current library Shelving location Date acquired Total Checkouts Full call number Barcode Date last seen Copy number Price effective from Koha item type
    Dewey Decimal Classification     London London Journal article 23/07/2008   L144500 144500-1001 06/08/2019 1 06/08/2019 Journal article